Managing your customer centric initiatives

Nedostatok základných ovládacích prvkov a kontrolných mechanizmov v oblasti opatrení a sledovacích systémov nevyhnutných pre efektívnu správu a plnenie svojich zákaznícky orientovaných záväzkov.

Guardado en:
Detalles Bibliográficos
Autor principal: Kumar, Rawat Sanjay
Formato: Capítulo de libro
Lenguaje:inglés
Materias:
Etiquetas: Agregar Etiqueta
Sin Etiquetas, Sea el primero en etiquetar este registro!

MARC

LEADER 00000naa a2200000 4500
001 0225727
005 20220722104221.9
041 0 |a eng 
044 |a SK 
245 1 0 |a Managing your customer centric initiatives  |c Rawat Sanjay Kumar 
520 |a Nedostatok základných ovládacích prvkov a kontrolných mechanizmov v oblasti opatrení a sledovacích systémov nevyhnutných pre efektívnu správu a plnenie svojich zákaznícky orientovaných záväzkov. 
610 2 0 |a riadenie vzťahov so zákazníkmi 
610 2 0 |a lojálnosť zákazníkov 
610 2 0 |a obchod elektronický 
100 1 |a Kumar, Rawat Sanjay